| 000 | 00771nam0a2200265 4500 | ||
|---|---|---|---|
| 001 | RU\NLR\ONL1\11538 | ||
| 005 | 20250613121010.0 | ||
| 035 | _a(NLR Aleph) 009640283 | ||
| 090 |
_a9543009 _c9543009 |
||
| 100 | _a20070623d1926 |||y0rusy50 ca | ||
| 101 | 0 | _amyv | |
| 102 | _aRU | ||
| 105 | _aa ||||||||| | ||
| 200 | 1 |
_aКода эрясть сыре пингень ломатне _fпроф. Вайнерп |
|
| 210 |
_a[М.] _cЦентриздат _d[1926] |
||
| 215 |
_a52 с. _cил. _d22 |
||
| 541 | 1 |
_aКак люди жили раньше _zrus |
|
| 686 | 1 | _aТ3(0) | |
| 700 | 1 |
_aВайнреп _4070 |
|
| 801 | 0 |
_aRU _bNLR _c20070623 _gPSBO |
|
| 852 |
_aNLR _bОНЛ _jМорд.э./3-1926 |
||
| 942 | _cBOOK | ||
| 980 | _aNB | ||